000 00717nam a2200265Ia 4500
003 OSt
005 20221007095147.0
006 a|||||r|||| 00| 0
007 ta
008 221006b |||||||| |||| 00| 0 eng d
024 _a969
037 _cTextual
040 _aLCO
_cLCO
_beng
041 _2eng
_aeng
082 _aX5:55, M0
100 _aPrasad Sarjoo
_9700861
245 0 _aCommentaries on Essential Commodities Act
250 _a4th
260 _aAllahabad
_bAllahabad Law Publisher India
_c1980
300 _a240+932
650 _aESSENTIAL COMMODITIES
_9700862
700 _a Jagdish Lal
942 _hX5:55, M0
_cTEXL
999 _c1170532
_d1170532